000 00616nam a2200217Ia 4500
005 20250923150016.0
008 008 250917s9999 xx 000 0 eng d
037 _aTextual
040 _aDSWL
_beng
_cDSWL
041 _aeng
_2eng
084 _aY217:1:7.447, N97
_qDSWL
100 _aCaldwell, B.
_9841236
245 0 _aMarriage in Sri Lanka
_c by B. Caldwell
260 _aNew Delhi
_b Hindustan Pub. Corp.
_c1999
300 _axvi,233 p.
365 _aINR
_b490.00
700 _a N. Donwan
_9841237
925 _g490.00
942 _cTEXL
_hY217:1:7.447, N97
999 _c1458443
_d1458443